[Event "Mumbai Mayors Cup 1st"]
[Site "Mumbai"]
[Date "2008.05.15"]
[Round "6"]
[White "Karunakaran, V."]
[Black "Koshy, Varugeese"]
[Result "0-1"]
[WhiteElo "1854"]
[BlackElo "2270"]
[PlyCount "140"]
[EventDate "2008.05.11"]
[EventType "swiss"]
[EventRounds "11"]
[EventCountry "IND"]
[SourceTitle "CBM 124 Extra"]
[Source "ChessBase"]
[SourceDate "2008.07.03"]
[SourceVersion "1"]
[SourceVersionDate "2008.07.03"]
[SourceQuality "1"]

1. d4 d6 2. Nf3 g6 3. Bf4 Bg7 4. c3 Nd7 5. e3 e5 6. Bg3 Ne7 7. Be2 Nf5 8. dxe5 Nxg3 9. hxg3 Nxe5 10. Nbd2 0-0 11. Nxe5 Bxe5 12. Bg4 Be6 13. Bxe6 fxe6 14. Qg4 Qe7 15. Nf3 Bf6 16. 0-0-0 Rf7 17. Rd2 Raf8 18. Qa4 a6 19. Kb1 Qd7 20. Qxd7 Rxd7 21. Nd4 Re8 22. Kc2 Rf7 23. g4 e5 24. Ne2 e4 25. Nf4 Be5 26. Nh3 h6 27. Rhd1 g5 28. Rd5 c6 29. Ra5 Kg7 30. Rd2 Ra8 31. Ra4 d5 32. c4 b5 33. cxb5 cxb5 34. Rb4 Rc8+ 35. Kd1 Rc5 36. a4 bxa4 37. Rxa4 a5 38. Rc2 Rb5 39. Kc1 Rfb7 40. Ra2 d4 41. exd4 Bxd4 42. Rc4 Bxb2+ 43. Kc2 Bf6 44. Rxe4 Rb2+ 45. Rxb2 Rxb2+ 46. Kc1 Ra2 47. Kb1 Ra1+ 48. Kc2 a4 49. Rb4 Be5 50. Rb7+ Kf6 51. Rb6+ Kg7 52. Rb7+ Kf8 53. Rb5 Bd6 54. Kb2 Re1 55. Rd5 Re2+ 56. Kc3 Ke7 57. Ra5 a3 58. Kb3 Kd7 59. Rxa3 Bxa3 60. Kxa3 Re4 61. Kb3 Rxg4 62. g3 Rd4 63. Kc3 Rd1 64. f4 g4 65. Nf2 Rg1 66. Ne4 Ke6 67. Kd4 Re1 68. Nc5+ Kf5 69. Kd3 h5 70. Kd4 Rg1 0-1

[Event "Mumbai Mayors Cup 1st"]
[Site "Mumbai"]
[Date "2008.05.12"]
[Round "3"]
[White "Boricha, Ketan"]
[Black "Karunakaran, V."]
[Result "1-0"]
[WhiteElo "2211"]
[BlackElo "1854"]
[PlyCount "83"]
[EventDate "2008.05.11"]
[EventType "swiss"]
[EventRounds "11"]
[EventCountry "IND"]
[SourceTitle "CBM 124 Extra"]
[Source "ChessBase"]
[SourceDate "2008.07.03"]
[SourceVersion "1"]
[SourceVersionDate "2008.07.03"]
[SourceQuality "1"]

1. e4 e5 2. Nf3 Nc6 3. Bc4 Bc5 4. c3 Nf6 5. d3 0-0 6. b4 Bd6 7. 0-0 h6 8. Re1 Re8 9. Qb3 Qe7 10. Nh4 Nh7 11. Nf5 Qf6 12. Bxh6 gxh6 13. Bxf7+ Kf8 14. Bxe8 Kxe8 15. Qg8+ Nf8 16. Qg4 Qg5 17. Qh3 h5 18. Qxh5+ Qxh5 19. Ng7+ Kd8 20. Nxh5 Be7 21. Nd2 d6 22. Nb3 Be6 23. d4 Bxb3 24. axb3 exd4 25. b5 Ne5 26. cxd4 Neg6 27. f4 Nh7 28. f5 Nh4 29. Rf1 Nf6 30. Nxf6 Bxf6 31. Rad1 Ke7 32. g3 Rg8 33. Kh1 Rg4 34. Rf4 Rxf4 35. gxf4 Nf3 36. e5 dxe5 37. dxe5 Bh8 38. f6+ Ke8 39. Rd3 Ne1 40. Rc3 c6 41. bxc6 bxc6 42. Kg1 1-0